| 000 | 00653nam a2200217 a 4500 | ||
|---|---|---|---|
| 001 | BRCA_6153 | ||
| 005 | 20190320205343.0 | ||
| 008 | 050711s1933----gw-ad#####---#000-0#ger-# | ||
| 041 | _ager | ||
| 044 | _agw | ||
| 050 | 4 |
_aHJ9685 _b.W57 1933 |
|
| 245 | 1 | 0 |
_aDie Wirtschaftskurve _bunter Mitwirkung der Frankfurter Zeitung herausgegeben _cvon Ernst Kahn |
| 260 |
_aFrankfurt _bSocietäts _c1933 |
||
| 300 |
_a2 v. _bil., gráficas _c22 cm. |
||
| 500 | _aI42 | ||
| 505 | 0 | _aContenido: v.1. Heft I, Abril, 1933. -- v.2. Heft II, Julio, 1933. | |
| 650 | 1 | 4 |
_aEconomía _zAlemania _914494 |
| 650 | 1 | 4 |
_aEstadística _915511 |
| 902 | _aGFM | ||
| 942 |
_2lcc _cB |
||
| 999 |
_c5840 _d5840 |
||